000 01152nam0a22002771 4500
001 v19\rc\2033182
005 20251118181537.5
035 _a(NLR Aleph) 005111942
090 _a7502696
_c7502696
100 _a20080925d1917 u y0rusy50 ca
101 0 _arus
102 _aRU
105 _aa z |||||
200 1 _aЗаписки по тактике
_eКонспект для курсов воен. времени воен. уч-щ
_eКонница, артиллерия и вспом. войска. (3 репетиция)
_fСост. гв. кап. Больман, командир 4 роты Казан. воен. уч-ща
_gПросм. инспектором классов полк. Вороновым
210 _aКазань
_cтип. Л.В. Богомольного
_d1917
215 _a71 с.
_cчерт.
_d24
700 1 _aБольман
_bП.В.
_gПетр Викторович
_4220
702 1 _aВоронов
_4340
801 0 _aRU
_bNLR
_gpsbo
801 0 _aRU
_bRuMoRGB
_2psbo
801 1 _aRU
_bProSoft-M
_2rusmarc
852 _aNLR
_j37.76.8.208
899 _aRuMoRGB
_jV 40/328
899 _aRuMoRGB
_jΔ 351/252
942 _cBOOK
980 _aNB